Điện tử căn bản

Tài liệu đề cập đến vấn đề cơ sở kỹ thuật điện như dòng điện một chiều, một số định luật cơ bản về dòng điện, điện từ trường, đo điện tử. Linh kiện điện tử và mạch điển tử, trong đó đề cập đến điện trở, tụ điện, cuộn...

Cijeli opis

Spremljeno u:
Bibliografski detalji
Glavni autor: Phạm, Đình Bảo
Format: Knjiga
Jezik:Undetermined
Izdano: Hà Nội Khoa học Kỹ thuật 2004
Teme:
Oznake: Dodaj oznaku
Bez oznaka, Budi prvi tko označuje ovaj zapis!
Thư viện lưu trữ: Trung tâm Học liệu Trường Đại học Cần Thơ
LEADER 01147nam a2200205Ia 4500
001 CTU_92335
008 210402s9999 xx 000 0 und d
020 |c 32000 
082 |a 621.381 
082 |b B108/T.2 
100 |a Phạm, Đình Bảo 
245 0 |a Điện tử căn bản 
245 0 |c Phạm Đình Bảo 
260 |a Hà Nội 
260 |b Khoa học Kỹ thuật 
260 |c 2004 
520 |a Tài liệu đề cập đến vấn đề cơ sở kỹ thuật điện như dòng điện một chiều, một số định luật cơ bản về dòng điện, điện từ trường, đo điện tử. Linh kiện điện tử và mạch điển tử, trong đó đề cập đến điện trở, tụ điện, cuộn cảm, biến áp, diode, transistor, các linh kiện đặc biệt khác. 
650 |a Electronic apparatus and appliances,Electronic circuits,Electronic engineering,Electronics,Semiconductors,Spare parts,Transistors 
904 |i Mai Loan(Tuyen) 
980 |a Trung tâm Học liệu Trường Đại học Cần Thơ